| 000 | 00536nam a2200205 a 4500 | ||
|---|---|---|---|
| 001 | 000032496 | ||
| 003 | DO-SdBNP | ||
| 005 | 20230215121954.0 | ||
| 007 | ta | ||
| 008 | 110718s1983 dr 000 0 spa d | ||
| 040 |
_aDO-SdBNP _bspa _cBNPHU |
||
| 082 |
_axxxx _bL789P _222 |
||
| 100 | 1 |
_aLizardo L., Luis Francisco _958437 |
|
| 245 | 1 | 0 |
_aPalma Sola : _bla tragedia de un pueblo. |
| 260 |
_aSanto Domingo : _b[s. n.], _c1983. |
||
| 300 |
_a65 p. ; _c22 cm. |
||
| 590 | _aInventariado, 2023 / DG | ||
| 910 | _aDG | ||
| 942 |
_2ddc _cLBS1 |
||
| 999 |
_c31987 _d31987 |
||